| 000 | 01945nam a22002417 4500 | ||
|---|---|---|---|
| 999 |
_c904 _d904 |
||
| 003 | AR-BaISA | ||
| 005 | 20220509123326.0 | ||
| 007 | ta | ||
| 008 | 220509s2015 ag ad||| |||| 000 0 spa d | ||
| 020 | _a9789879413647 | ||
| 040 |
_bspa _cAR-BaISA |
||
| 082 | 0 | 4 |
_222 _a362.982 M265 |
| 100 | 1 |
_92149 _aMadies, Claudia |
|
| 245 | 1 | 0 |
_aMarco jurídico normativo del sistema de salud argentino: _bclaves y oportunidades / _cClaudia Madies y Oscar Garay |
| 260 |
_aBuenos Aires: _bEdiciones ISALUD, _c2015 |
||
| 300 |
_a3 v.: _bil., tablas |
||
| 505 |
_tTOMO I: _tObjetivos y metodología -- _tUnidad de análisis: legislación sanitaria y delimitación -- _tMarco conceptual y evolución histórica -- _tEl federalismo sanitario y los espacios de concertación federal -- _tEl digesto jurídico argentino -- _tCríticas a los encuadres de algunas leyes sanitarias en el digesto jurídico argentino -- _tLos sistemas comparados jurisdiccionales y sus digestos -- _tLos sistemas comparados internacionales -- _tPrimeros hallazgos: la evolución de la legislación sanitaria a partir del DJA y leyes ulteriores -- _tSegundos hallazgos: las fallas regulatorias en general y la revisión por categorías -- _tTerceros hallazgos: identificación de fallas y desfasajes regulatorios específicos -- _tLos desafíos y las oportunidades que presenta el marco legal vigente -- _tConclusiones y recomendaciones finales _tTOMO II: _tLeyes acción y desarrollo social -- _tLeyes administrativo cultura -- _tLeyes administrativo educación -- _tLeyes administrativo salud _tTOMO III: _tAeronáutico espacial -- _tAmbiente -- _tCivil -- _tComercial -- _tComunicación -- _tComunitario -- _tDiplomático consular -- _tImpositivo -- _tInternacional público -- _tLaboral 213 -- _tSeguridad social |
||
| 650 | 1 | 0 |
_9209 _aSistema de salud _zArgentina |
| 650 | 1 | 0 |
_9115 _aRégimen jurídico |
| 650 | 1 | 0 |
_92151 _aJurisprudencia |
| 700 | 1 |
_92150 _aGaray, Oscar |
|
| 942 |
_2ddc _cLI _e22 |
||